T.Love - King. tekst piosenki - Statystyki

Ogólne statystyki
  • Ten quiz został rozwiązany 107 razy
  • Średni wynik to 12 z 60
Statystyki odpowiedzi
TEKST % Poprawnych
Mówiono o nim King
95%
W mieście Świętej Wieży
93%
Jak całował się z papieżem
85%
Pamiętam z podstawówki
84%
Był zawsze trochę z boku
39%
Był zawsze trochę z boku
39%
Na bakier trochę był
39%
Na bakier trochę był
39%
Gdy przecinano wstęgę
38%
Czym King naprawdę żył
34%
Czym King naprawdę żył
34%
I klepali słodką biedę
34%
Już miał przyjaciółkę Ewę
32%
To było trochę później
32%
Mieszkali więc bez ślubu
31%
W szkole nikt nie wiedział
31%
Pomarzyć o czymś innym
30%
Przejeżdżał też sekretarz
28%
Bo lubili lekkie dragi
19%
Dawali czasem czadu
18%
Wieczory i poranki
16%
Znajomych było wielu
16%
Bo lubią dawać cynk
15%
Uważaj na sąsiadów swych
15%
Ty wiesz kto rządzi w mieście
14%
A spod łóżka wylazł biskup
12%
Myślicie, że nic nie wiem?
12%
Tu biskup z komisarzem - King
12%
Kingy poszedł na wagary
11%
Tym czasem blada Ewa
11%
Za nielegalny związek z nią
11%
Za posiadanie zielska
11%
Długi, chudy Lolo
9%
Następnych parę kratek
9%
Tak mówił mu przyjaciel
9%
Właściwie nikt nie wiedział
9%
Wytłumaczyć pragnie wszystko
9%
Zapalić spliffa z colą
9%
Bardzo długi list
8%
Co masz w kieszeni, King?
8%
Kiedy wyszli na ulicę
8%
Mam dosyć tego miasta
8%
Nikt o nim nie pamięta
8%
Do samego prezydenta
7%
Lecz nikt o nim już nie mówi
7%
Mieliśmy wiele skarg
7%
Napisał do papieża
7%
Świąteczną wysłał kartkę
7%
Wy palicie wciąż to świństwo
7%
Wy żyjecie tu bezbożnie
7%
Czerwono-czarnej mafii
5%
Czy mnie rozumiesz Lolo
5%
Czy wiesz co mnie trapi
5%
Komisarz spytał w drzwiach
5%
To na Kinga, to na Ewę
5%
Ty dostaniesz dziesięć latek
5%
Bo komisarz wszedł przez okno
4%
Wspomina dobre dni
4%
A biskup łypie z boku
3%
Dziś King'y siedzi w celi
0%
Nie znaleziono quizów pasujących do podanych kryteriów
Rozkład punktacji
Procent ludzi z każdym wynikiem
Percentyl według liczby udzielonych odpowiedzi
Twoja historia wyników
Nie rozwiązałeś tego quizu